00476nam a2200169Ia 450000500170000000800410001702000150005808200130007310000210008624500260010726000260013330000130015950000180017294200060019095200950019699900150029120250519013933.0240331s9999 xx 000 0 und d a9559052926 bKANa305 aAsiyanu Padanama 0aKanthawan desa yomuva aColombobCenworc2000 a162 p ., aTowards Women cL 001040708LaWERCLbWERCLcSSCd2024-03-31l0o 305 KANp4866r2024-03-31w2024-03-31yL c1489d1489